<?xml version="1.0" encoding="UTF-8"?>
<record
    xmlns:xsi="http://www.w3.org/2001/XMLSchema-instance"
    xsi:schemaLocation="http://www.loc.gov/MARC21/slim http://www.loc.gov/standards/marcxml/schema/MARC21slim.xsd"
    xmlns="http://www.loc.gov/MARC21/slim">

  <leader>00749nam a22001577a 4500</leader>
  <controlfield tag="005">20241227104421.0</controlfield>
  <controlfield tag="008">241227b        |||||||| |||| 00| 0 eng d</controlfield>
  <datafield tag="040" ind1=" " ind2=" ">
    <subfield code="c">PK-LaUMT</subfield>
  </datafield>
  <datafield tag="082" ind1=" " ind2=" ">
    <subfield code="a">APC 297.4</subfield>
    <subfield code="b">IMA-T</subfield>
  </datafield>
  <datafield tag="100" ind1=" " ind2=" ">
    <subfield code="a">Imam Abu Hamid Muhammad bin Muhammad al-Ghazali = &#x627;&#x645;&#x627;&#x645; &#x627;&#x628;&#x648; &#x62D;&#x627;&#x645;&#x62F; &#x645;&#x62D;&#x645;&#x62F; &#x628;&#x646; &#x645;&#x62D;&#x645;&#x62F; &#x627;&#x644;&#x63A;&#x632;&#x627;&#x644;&#x6CC;</subfield>
    <subfield code="9">3882</subfield>
  </datafield>
  <datafield tag="245" ind1=" " ind2=" ">
    <subfield code="a">Tallash i haq =   &#x62A;&#x644;&#x627;&#x634; &#x62D;&#x642; &#x627;&#x631;&#x62F;&#x648; &#x62A;&#x631;&#x62C;&#x645;&#x6C1; &#x627;&#x644;&#x645;&#x646;&#x642;&#x62F; &#x645;&#x646; &#x627;&#x644;&#x636;&#x644;&#x627;&#x644; /</subfield>
    <subfield code="c">by Imam Abu Hamid Muhammad bin Muhammad al-Ghazali = &#x627;&#x645;&#x627;&#x645; &#x627;&#x628;&#x648; &#x62D;&#x627;&#x645;&#x62F; &#x645;&#x62D;&#x645;&#x62F; &#x628;&#x646; &#x645;&#x62D;&#x645;&#x62F; &#x627;&#x644;&#x63A;&#x632;&#x627;&#x644;&#x6CC; ; translated by Khalid Hasan Qadiri = &#x645;&#x62A;&#x631;&#x62C;&#x645; &#x62E;&#x627;&#x644;&#x62F; &#x62D;&#x633;&#x646; &#x642;&#x627;&#x62F;&#x631;&#x6CC;       </subfield>
  </datafield>
  <datafield tag="260" ind1=" " ind2=" ">
    <subfield code="a">Lahore :</subfield>
    <subfield code="b">Punjab Auqaf Academy,</subfield>
    <subfield code="c">1996</subfield>
  </datafield>
  <datafield tag="300" ind1=" " ind2=" ">
    <subfield code="a">95 p.</subfield>
  </datafield>
  <datafield tag="546" ind1=" " ind2=" ">
    <subfield code="a">Urdu</subfield>
  </datafield>
  <datafield tag="942" ind1=" " ind2=" ">
    <subfield code="c">BK</subfield>
  </datafield>
  <datafield tag="999" ind1=" " ind2=" ">
    <subfield code="c">136421</subfield>
    <subfield code="d">136421</subfield>
  </datafield>
  <datafield tag="952" ind1=" " ind2=" ">
    <subfield code="0">0</subfield>
    <subfield code="1">0</subfield>
    <subfield code="4">0</subfield>
    <subfield code="7">0</subfield>
    <subfield code="a">01</subfield>
    <subfield code="b">01</subfield>
    <subfield code="d">2024-12-27</subfield>
    <subfield code="l">0</subfield>
    <subfield code="o">APC 297.4 IMA-T</subfield>
    <subfield code="p">148119</subfield>
    <subfield code="r">2024-12-27 10:44:37</subfield>
    <subfield code="w">2024-12-27</subfield>
    <subfield code="y">BK</subfield>
  </datafield>
</record>
